000 00324nam a2200121Ia 4500
008 240624s9999 xx 000 0 und d
041 _aeng
082 _a658.8 AAK
100 _aAAKER DAVID A
245 _aSTRATEGIC MARKET MANAGEMENT GLOBAL PERSP
260 _c2014
_aNew Delhi
_bWiley
300 _axiii, : 354 : p. : cm. ; 22
999 _c24109
_d24109